00438nam a2200157Ia 45000010006000000050017000060080041000230410008000640820018000721000033000902450105001232600009002283000027002376500008002646540008002721114320260306161924.0260306t2001||||xx |||||||||||||| ||spa|| aESP a985.0092bM58 aMillones Figueroa, LuiseAUT 0aPedro De Cieza De León y su crónica de Indias:bla entrada de los incas en la historia universal c2001 a313 páginas :c21cm. aGEN aCHU